000 00786nam a2200241 a 4500
999 _c8144
_d8144
001 8144
003 BD-JhCC
005 20180219082124.0
008 180219s1990 bg |||| || | 000 0 ben d
035 _a(BD-JhCC)8144
040 _aBD-JhCC
_dBD-JhCC
041 _aben
082 _a780.1
_bBAN 1990
245 _aরইল তাঁহার বাণী রইল ভরা সুরে /
_cআব্দুল আহাদ এবং সনজীদা খাতুন (সম্পাদিত)
260 _aঢাকা :
_bমুক্তধারা
_c1990
300 _a299 p. :
_c22 cm.
650 _aMusic
650 _aTagore Song
700 _aআহাদ, আব্দুল
700 _aখাতুন, সনজীদা
942 _2ddc
_cBK